U.S States in Bob Dylan Songs - Statistics

General Stats
  • This quiz has been taken 117 times
  • The average score is 5 of 14
Answer Stats
Song Lyrics % Correct
Talkin' New York { New York } Times said it was the coldest winter in seventeen years
92%
Hurricane With their red lights flashing In the hot { New Jersey } night
71%
Oxford Town Two men died 'neath the { Mississippi } moon
46%
The Lonesome Death Of Hattie Carroll High office relations in the politics of { Maryland } reacted to his deed
44%
The Ballad of Hollis Brown There's seven people dead on a { South Dakota } farm
34%
Pretty Peggy O He's a-riding down in { Texas } with the rodeo
33%
Highway 61 Revisted Well { Georgia } Sam he had a bloody nose
33%
Sign On The Window Her and her boyfriend went to { California }
22%
Sign On The Window Built me a cabin in { Utah } marry me a wife, catch a rainbow trout
18%
Man Of Constant Sorrow I'll say goodbye to { Colorado } where I was born and partly raised
18%
Shenandoah Look away. We're bound away Across the wide { Missouri }
17%
Pretty Peggy O He's buried somewhere in { Louisiana }-O
14%
Highway 51 Blues Running from up { Wisconsin } way down to no man's land
11%
Bring Me a Little Water Sylvie is a good old girl, from { Florida } so they say
6%
No matching quizzes found
Score Distribution
Percent of People with Each Score
Percentile by Number Answered
Your Score History
You have not taken this quiz